00529nam a22001817a 450000500170000001000150001702000260003203500140005803500130007203700130008503700220009808200140012010000250013424500610015926000400022027000670026030000200032720130612151040.0 aENG-104353 a9788178796697c595.00 aEN -87886 aB-519582 bDBAD/PUB bMallika Books/Ven a799.21303 aSekhon, Baljit Singh aDictionary of shooting sports /cby Baljit Singh Sekhon aNew DelhibSports Publicationc2011 a7/26, Ground Floor, Ansari Road,Darya Ganj,bNew Delhie110002 a214p.c23cm(Hb)